Minimització de residus
Descripción Física:
11, 5, 12, 21, [6], 11, [12] p. : map., gràf., taules ; 30 cm
Materias:
Residus -- Barcelona -- Congressos
MARC
| LEADER | 00000nam a2200000Ia 4500 | ||
|---|---|---|---|
| 001 | 24348 | ||
| 003 | BGR | ||
| 005 | 20260324180619.0 | ||
| 008 | 160829s1996 xx 000 0 cat d | ||
| 080 | |a Bib-231 | ||
| 111 | |a Jornades Municipals de Valorització de Residus |9 71319 |c (Barcelona : |d 1996) | ||
| 245 | |a Minimització de residus | ||
| 260 | |a Barcelona : |b Diputació de Barcelona. Area de Medi Ambient, |c 1996 | ||
| 300 | |a 11, 5, 12, 21, [6], 11, [12] p. : |b map., gràf., taules ; |c 30 cm | ||
| 650 | |a Residus |x Barcelona |x Congressos |9 50163 | ||
| 710 | 1 | |a Barcelona (Catalunya : Província). |b Servei de Medi Ambient |9 53475 | |
| 901 | |a Arxiu | ||
| 942 | |n 1 |2 udc |c JC | ||
| 952 | |0 0 |1 0 |4 0 |6 BIB231 |7 1 |9 55814 |a Arxiu |b Arxiu |d 2016-12-01 |l 0 |o Bib-231 |p 24348 |r 2016-12-01 00:00:00 |w 2016-12-01 |y ARXIU | ||
| 999 | |c 59687 |d 59687 | ||